[Event "Winnipeg TNT February op"]
[Site "Winnipeg"]
[Date "2019.02.26"]
[Round "4.4"]
[White "Orogun, Ibukun"]
[Black "Letain, Cory"]
[Result "1/2-1/2"]
[WhiteElo "1944"]
[BlackElo "1680"]
[PlyCount "60"]
[EventDate "2019.02.05"]
[EventType "swiss"]
[EventRounds "4"]
[EventCountry "CAN"]
[SourceTitle "EXT 2022"]
[Source "ChessBase"]
[SourceDate "2021.10.06"]
[SourceVersion "1"]
[SourceVersionDate "2021.10.06"]
[SourceQuality "1"]

1. e4 e5 2. Nf3 Nf6 3. Nc3 Bb4 4. d3 d5 5. exd5 Nxd5 6. Bd2 Nc6 7. Ne4 f5 8. Ng3 Be6 9. c3 Be7 10. Be2 h6 11. Nh5 Bf6 12. h3 g6 13. Ng3 Qd7 14. Qa4 0-0-0 15. Nh2 Nb6 16. Qc2 Nd5 17. a3 Nf4 18. Bxf4 exf4 19. Ngf1 Bd5 20. Rg1 Rhe8 21. 0-0-0 Bb3 22. Qxb3 Rxe2 23. Nf3 g5 24. d4 g4 25. N3d2 Rxf2 26. Qc4 Qd5 27. Qxd5 Rxd5 28. Re1 Bh4 29. Re6 Rd6 30. Re8+ Rd8 1/2-1/2

[Event "Winnipeg TNT October op"]
[Site "Winnipeg"]
[Date "2018.10.30"]
[Round "5.4"]
[White "Letain, Cory"]
[Black "Melnyk, Jim"]
[Result "1-0"]
[WhiteElo "1669"]
[BlackElo "1572"]
[PlyCount "91"]
[EventDate "2018.10.02"]
[EventType "swiss"]
[EventRounds "5"]
[EventCountry "CAN"]
[SourceTitle "EXT 2022"]
[Source "ChessBase"]
[SourceDate "2021.10.06"]
[SourceVersion "1"]
[SourceVersionDate "2021.10.06"]
[SourceQuality "1"]

1. e4 Nc6 2. d4 e5 3. Nf3 Qf6 4. Bg5 Qg6 5. Bd3 Nxd4 6. Nbd2 h6 7. Be3 Qxg2 8. Rg1 Nxf3+ 9. Nxf3 Qh3 10. Qe2 d6 11. 0-0-0 Bg4 12. Rg3 Bxf3 13. Qxf3 Qe6 14. Qe2 Nf6 15. Bc4 Qe7 16. Bb5+ Nd7 17. f4 exf4 18. Bxf4 0-0-0 19. Qc4 Nb6 20. Qb4 d5 21. Qa5 Qxe4 22. Bxc7 Kxc7 23. Rc3+ Kb8 24. Rc4 Qe3+ 25. Kb1 Qg5 26. Rc3 Qg4 27. Rcd3 Be7 28. Rd4 Qg5 29. a4 Bc5 30. h4 Qe5 31. R4d3 Qe7 32. Qc3 a6 33. a5 axb5 34. axb6 d4 35. Qb3 Bxb6 36. Qxb5 Qc5 37. Qa4 g5 38. hxg5 hxg5 39. b4 Qc4 40. Rf1 Rhf8 41. Rf6 Qc7 42. Ra3 Kc8 43. Qb5 Kb8 44. Qa4 Qe5 45. Rxb6 f5 46. Qa7+ 1-0

[Event "Winnipeg Rosenbloom Memorial"]
[Site "Winnipeg"]
[Date "2017.11.07"]
[Round "1"]
[White "Wiebe, Isaac"]
[Black "Letain, Cory"]
[Result "1-0"]
[WhiteElo "2261"]
[BlackElo "1686"]
[PlyCount "48"]
[EventDate "2017.11.07"]
[EventType "swiss"]
[EventRounds "7"]
[EventCountry "CAN"]
[SourceTitle "EXT 2022"]
[Source "ChessBase"]
[SourceDate "2021.10.06"]
[SourceVersion "1"]
[SourceVersionDate "2021.10.06"]
[SourceQuality "1"]

1. e4 e5 2. f4 d5 3. exd5 e4 4. Nc3 Nf6 5. d3 Bb4 6. dxe4 Nxe4 7. Qd4 Qh4+ 8. g3 Nxg3 9. Qe3+ Ne4+ 10. Ke2 Bg4+ 11. Kd3 f5 12. Nxe4 fxe4+ 13. Qxe4+ Be7 14. Be2 Na6 15. Be3 Bxe2+ 16. Kxe2 0-0 17. Nf3 Qf6 18. Ng5 Qf5 19. Qxe7 Rae8 20. Qa3 Qxf4 21. Raf1 Qg4+ 22. Ke1 Nb4 23. Rxf8+ Rxf8 24. Qb3 Qf5 1-0

[Event "Winnipeg op"]
[Site "Winnipeg"]
[Date "2017.06.13"]
[Round "2"]
[White "Letain, Cory"]
[Black "Reimer, Bruce"]
[Result "0-1"]
[WhiteElo "1632"]
[BlackElo "1692"]
[PlyCount "71"]
[EventDate "2017.06.06"]
[EventType "swiss"]
[EventRounds "8"]
[EventCountry "CAN"]
[SourceTitle "EXT 2022"]
[Source "ChessBase"]
[SourceDate "2021.10.06"]
[SourceVersion "1"]
[SourceVersionDate "2021.10.06"]
[SourceQuality "1"]

1. d4 d6 2. c4 g6 3. Nc3 Bg7 4. e4 e5 5. d5 c6 6. f4 Nf6 7. fxe5 dxe5 8. Nf3 Bg4 9. h3 Bxf3 10. Qxf3 0-0 11. Bd3 Nbd7 12. 0-0 a5 13. Be3 h6 14. a3 Qe7 15. Rab1 Nh7 16. c5 Nxc5 17. Bxc5 Qxc5+ 18. Qf2 Qd4 19. Bc2 Qxf2+ 20. Rxf2 Rfd8 21. Rbf1 Rd7 22. dxc6 bxc6 23. Bb3 Raa7 24. Na4 Bf8 25. Nb6 Rdb7 26. Nc8 Ra8 27. Bxf7+ Kg7 28. Be6 Bc5 29. Kh2 Bxf2 30. Rxf2 Ng5 31. Nd6 Re7 32. Ba2 Rd8 33. Nc4 a4 34. Na5 Rc7 35. Nc4 Nf7 36. Ne3 0-1